[Играет] Роза Файн, [скрипка] (Запись № 13285527)

Подробности
000 -МАРКЕР
контрольное поле 03968njm0a2200433 4500
001 - ИДЕНТИФИКАТОР ЗАПИСИ
контрольное поле RU\NLR\ONIZ\303131
005 - ИДЕНТИФИКАТОР ВЕРСИИ
контрольное поле 20250708193959.0
035 ## - ДРУГИЕ СИСТЕМНЫЕ НОМЕРА
Идентификатор записи (NLR Aleph) 022083681
071 00 - ИЗДАТЕЛЬСКИЙ НОМЕР
Номер, присвоенный агентством С-01003-4
100 ## - ДАННЫЕ ОБЩЕЙ ОБРАБОТКИ
Данные общей обработки 20231113g19 |||y0rusy50 ca
102 ## - СТРАНА ПУБЛИКАЦИИ ИЛИ ПРОИЗВОДСТВА
Страна публикации Российская Федерация
126 ## - ПОЛЕ КОДИРОВАННЫХ ДАННЫХ: ЗВУКОЗАПИСИ - ФИЗИЧЕСКИЕ ХАРАКТЕРИСТИКИ
Кодированные данные звукозаписи (общие) abbxexu ux
Кодированные данные звукозаписи (уточнения) xxx
127 ## - ПОЛЕ КОДИРОВАННЫХ ДАННЫХ: ПРОДОЛЖИТЕЛЬНОСТЬ ЗВУКОЗАПИСЕЙ И НОТНЫХ ИЗДАНИЙ (МУЗЫКАЛЬНОЕ ИСПОЛНЕНИЕ)
Продолжительность 004000
200 1# - ЗАГЛАВИЕ И СВЕДЕНИЯ ОБ ОТВЕТСТВЕННОСТИ
Основное заглавие [Играет] Роза Файн, [скрипка]
Общее обозначение материала Звукозапись
Первые сведения об ответственности сопровождает: Симфонический оркестр Московской государственной филармонии, дирижер К. Кондрашин
203 ## - ВИД СОДЕРЖАНИЯ И ТИП СРЕДСТВА
Вид содержания Музыка
Дополнительные сведения об издании
Тип средства аудио
210 ## - ПУБЛИКАЦИЯ, РАСПРОСТРАНЕНИЕ И ДР.
Место издания, распространения и т.д. Москва
Имя издателя, распространителя и т. д. Мелодия
Дата издания, распространения и т.д. [19--]
Имя изготовителя Завод грампластинок
Место изготовления Апрелевка
215 ## - ФИЗИЧЕСКАЯ ХАРАКТЕРИСТИКА
Специфическое обозначение материала и объем 1 грп. [ГОСТ 5289-61] (40 мин) : 33 об/мин, стерео
Размеры 30 см, в конв
327 1# - ПРИМЕЧАНИЯ О СОДЕРЖАНИИ
Текст примечания 1. Концерт № 2 для скрипки с оркестром : ре минор : соч. 22 / Г. Венявский.
-- 2. Экстаз Ми бемоль мажор : соч. 21 / Э. Изаи.
-- 3. Интродукция и рондо-каприччиозо : ля минор : соч. 28 / К. Сен-Санс
464 #0 - АНАЛИТИЧЕСКИЙ УРОВЕНЬ
Встроенное поле 2001#$aКонцерт № 2 для скрипки с оркестром$eре минор$eсоч. 22$fГ. Венявский
-- 6061#$aКонцерты для скрипки с оркестром$xЗвукозапись$yПольша$z18-19 век$jЗвукозапись$2nlr_sh
-- 6890#$aЩ955.4-042(4П)
-- 700#1$9z01790$aВенявский$bГ.$gГенрик$f1835-1880$4230$7ca
-- 790#1$9z01700$aWieniawski$bH.$gHenryk$f1835-1880$4230$7ba
Заглавие Концерт № 2 для скрипки с оркестром
Автор Венявский, Генрик (1835-1880)
464 #0 - АНАЛИТИЧЕСКИЙ УРОВЕНЬ
Встроенное поле 2001#$aЭкстаз Ми бемоль мажор$eсоч. 21$fЭ. Изаи
-- 6061#$aМузыка скрипичная бельгийская$z19-20 вв.$jЗвукозапись$2nlr_sh
-- 6890#$aЩ955.4-058.9(4Б)
-- 700#1$9z01790$aИзаи$bЭ.$gЭжен$cкомпозитор, скрипач, дирижер$f1858-1931$4230$7ca
-- 790#1$9z01700$aYsaÿe$bE.$gEugène$f1858-1931$4230$7ba
Заглавие Экстаз Ми бемоль мажор
Автор Изаи, Эжен (композитор, скрипач, дирижер ; 1858-1931)
464 #0 - АНАЛИТИЧЕСКИЙ УРОВЕНЬ
Встроенное поле 2001#$aИнтродукция и рондо-каприччиозо$eля минор$eсоч. 28$fК. Сен-Санс
-- 6061#$aМузыка скрипичная французская$z19-20 вв.$jЗвукозапись$2nlr_sh
-- 6890#$aЩ955.4-054(4Фр)
-- 700#1$9z01790$aСен-Санс$bК.$gКамиль$f1835-1921$4230$7ca
-- 790#1$9z01700$aSaint-Saëns$bC.$gCamille$f1835-1921$4230$7ba
Заглавие Интродукция и рондо-каприччиозо
Автор Сен-Санс, Камиль (1835-1921)
606 1# - НАИМЕНОВАНИЕ ТЕМЫ КАК ПРЕДМЕТ
Наименование темы Скрипачи советские украинские
Хронологический подзаголовок 20 в.
Формальный подзаголовок Звукозапись
Код системы nlr_sh
-- ca
606 1# - НАИМЕНОВАНИЕ ТЕМЫ КАК ПРЕДМЕТ
Наименование темы Дирижёры советские российские
Хронологический подзаголовок 20-21 вв.
Формальный подзаголовок Звукозапись
Код системы nlr_sh
606 1# - НАИМЕНОВАНИЕ ТЕМЫ КАК ПРЕДМЕТ
Наименование темы Оркестры симфонические советские и российские
Хронологический подзаголовок 20-21 вв.
Формальный подзаголовок Звукозапись
Код системы nlr_sh
686 0# - ИНДЕКСЫ ДРУГИХ КЛАССИФИКАЦИЙ
Индекс Щ955.4, 8(2)
700 #1 - ИМЯ ЛИЦА - ПЕРВИЧНАЯ ОТВЕТСТВЕННОСТЬ
Системный номер авторитетной/нормативной записи z01790
Начальный элемент ввода Файн
Часть имени, кроме начального элемента ввода Р. Д.
Дополнения к именам, кроме дат скрипка
Даты 1929-
Расширение инициалов личного имени Роза Давыдовна
Код отношения Исполнитель
--
Графика поля Кириллица
702 #1 - ИМЯ ЛИЦА - ВТОРИЧНАЯ ОТВЕТСТВЕННОСТЬ
Системный номер авторитетной/нормативной записи z02790
Начальный элемент ввода Кондрашин
Часть имени, кроме начального элемента ввода К.
Дополнения к именам, кроме дат дирижёр
Даты 1914-1981
Расширение инициалов личного имени Кирилл
Код отношения Дирижер, Руководитель оркестра
Графика поля Кириллица
712 02 - НАИМЕНОВАНИЕ ОРГАНИЗАЦИИ - ВТОРИЧНАЯ ОТВЕТСТВЕННОСТЬ
Начальный элемент ввода Симфонический оркестр Московской государственной филармонии
Код отношения Исполнитель
Графика поля Латинская
790 #1 - ИМЯ ЛИЦА - АЛЬТЕРНАТИВНАЯ ФОРМА
Системный номер авторитетной/нормативной записи z01700
Начальный элемент ввода Fajn
Часть имени, кроме начального элемента ввода R.
Дополнения к именам, кроме дат violine
Даты 1929-
Расширение инициалов личного имени Roza
Код отношения Исполнитель
--
Графика поля Латинская
790 #1 - ИМЯ ЛИЦА - АЛЬТЕРНАТИВНАЯ ФОРМА
Системный номер авторитетной/нормативной записи z02702
Начальный элемент ввода Kondrašin
Часть имени, кроме начального элемента ввода K.
Дополнения к именам, кроме дат conductor
Даты 1914-1981
Расширение инициалов личного имени Kirill
Код отношения Дирижер, Руководитель оркестра
Графика поля Латинская
801 #0 - ИСТОЧНИК ЗАПИСИ
Страна Российская Федерация
Организация NLR
Дата составления 20231113
Правила каталогизации PSBO
801 #1 - ИСТОЧНИК ЗАПИСИ
Страна Российская Федерация
Организация NLR
Дата составления 20231113
Источник данных rusmarc
801 #2 - ИСТОЧНИК ЗАПИСИ
Страна Российская Федерация
Организация NLR
Дата составления 20231118
852 ## - МЕСТОНАХОЖДЕНИЕ И ШИФР ХРАНЕНИЯ
Идентификатор организации NLR
Наименование фонда или коллекции (Sub-Location Identifier) Мг
Шифр хранения (Call Number) 3/9668
Страна
Номер экземпляра 1
942 ## - ДОПОЛНИТЕЛЬНЫЕ ЭЛЕМЕНТЫ ЗАПИСИ (АБИС)
Тип экземпляра АБИС Звукозапись
980 ## - КОЛЛЕКЦИЯ
Название коллекции Национальная библиография
980 ## - КОЛЛЕКЦИЯ
Название коллекции Отдел нот и звукозаписей
Экземпляры
Тип экземпляра Дата поступления Библиотека постоянного хранения Библиотека текущего хранения Место хранения Шифр хранения Статус экземпляра
Звукозапись 13.11.2023 РНБ (Московский) РНБ (Московский) Фонд нот и звукозаписей 3/9668 3/9668